000 01971nam a2200529 i 4500
001 15269
003 KOSZ 005
005 20200624095032.0
008 200407s1972 pl a f 000 0 pol
015 _aUWD 1973/1704
035 _a991032465399705066
035 _a(PL-WaBN)b18711364-48omnis_nlop
035 _ab18711364
035 _a(OCoLC)838942468
035 _a(PL)b0000001871136
035 _a(EXLNZ-48OMNIS_NETWORK)9910442667105606
040 _aWA N
_cWA N
_dKOSZ 005/RW
046 _k1972
080 _a532
080 _a66.06
080 _a(075.8)
100 1 _aPaderewski, Mścisław
_d(1930-2006)
_eAutor
245 1 0 _aPodstawy operacji dynamicznych w inżynierii chemicznej :
_bskrypt dla studentów inżynierskich studiów wieczorowych i zaocznych /
_cM. Paderewski, A. Majkut i J. Nastaj ; Politechnika Szczecińska.
260 _aSzczecin :
_bWydawnictwo Uczelniane Politechniki Szczecińskiej,
_c1972.
300 _a221, [1] stron :
_bilustracje, tablice, wykresy ;
_c24 cm.
336 _aTekst
_btxt
_2rdacontent
337 _aBez urządzenia pośredniczącego
_bn
_2rdamedia
338 _aWolumin
_bnc
_2rdacarrier
380 _aKsiążki
380 _aPublikacje dydaktyczne
388 _a1901-2000
388 _a1945-1989
504 _aBibliografia na stronie [222],
521 8 _aSkrypt dla studentów inżynierskich studiów wieczorowych i zaocznych.
650 7 _aCiecze
_2DBN
650 7 _aMechanika
650 7 _aTechnologia chemiczna
_2DBN
655 7 _aPodręczniki akademickie
_2DBN
658 _aChemia
658 _aInżynieria i technika
700 1 _aMajkut, Aleksander
_eAutor
700 1 _aNastaj, Józef
_eAutor
710 2 _aWydawnictwo Uczelniane Politechniki Szczecińskiej
_4pbl
856 _uhttp://koha.tu.koszalin.pl/cgi-bin/koha/opac-detail.pl?biblionumber=15269
_yKatalog online BPK
942 _2UKD
_cKS
999 _c15269
_d15269